UBT Library

Ecology (Record no. 54940)

000 -LEADER
fixed length control field 00295nam a22001457a 4500
008 - FIXED-LENGTH DATA ELEMENTS--GENERAL INFORMATION
fixed length control field 190926b ||||| |||| 00| 0 eng d
020 ## - INTERNATIONAL STANDARD BOOK NUMBER
International Standard Book Number 9780073532479
041 ## - LANGUAGE CODE
Language code of text/sound track or separate title eng
080 ## - UNIVERSAL DECIMAL CLASSIFICATION NUMBER
Universal Decimal Classification number 304
082 ## - DEWEY DECIMAL CLASSIFICATION NUMBER
Classification number 304
100 ## - Rafti
Rafti 9
101 ## - Shkurtesa
Shkurtesa ECO
245 ## - TITLE STATEMENT
Title Ecology
Statement of responsibility, etc Stiling.P
942 ## - ADDED ENTRY ELEMENTS (KOHA)
Source of classification or shelving scheme
Item type Books
Holdings
Withdrawn status Lost status Source of classification or shelving scheme Damaged status Not for loan Permanent location Current location Shelving location Date acquired Total Checkouts Full call number Barcode Date last seen Price effective from Koha item type
          UBT - Peja UBT - Peja Koleksioni i përgjithshem 09/26/2019   304 STI 002-3020165 09/26/2019 09/26/2019 Books
          UBT - Peja UBT - Peja Koleksioni i përgjithshem 09/26/2019   304 STI 002-3020160 09/26/2019 09/26/2019 Books
          UBT - Peja UBT - Peja Koleksioni i përgjithshem 09/26/2019   304 STI 002-3020155 09/26/2019 09/26/2019 Books
          UBT - Peja UBT - Peja Koleksioni i përgjithshem 09/26/2019   304 STI 002-3020150 09/26/2019 09/26/2019 Books
          UBT - Peja UBT - Peja Koleksioni i përgjithshem 09/26/2019   304 STI 002-3020145 09/26/2019 09/26/2019 Books
UBT Library © 2015-2024. All rights reserved University Education for Business and Technology